| 000 -LEADER |
| fixed length control field |
00677nam a22001937a 4500 |
| 008 - FIXED-LENGTH DATA ELEMENTS--GENERAL INFORMATION |
| fixed length control field |
250916b 2018 ||||| |||| 00| 0 eng d |
| 020 ## - INTERNATIONAL STANDARD BOOK NUMBER |
| International Standard Book Number |
8187134321 |
| 082 ## - DEWEY DECIMAL CLASSIFICATION NUMBER |
| Classification number |
541 |
| Item number |
GHO |
| 100 ## - MAIN ENTRY--PERSONAL NAME |
| Personal name |
Ghoshal, Amalendu |
| 245 ## - TITLE STATEMENT |
| Title |
Physical chemistry |
| Remainder of title |
(with solutions and answers) |
| 250 ## - EDITION STATEMENT |
| Edition statement |
7th ed. |
| 260 ## - PUBLICATION, DISTRIBUTION, ETC. (IMPRINT) |
| Place of publication, distribution, etc |
Midnapore |
| Name of publisher, distributor, etc |
Books and allied (P) Ltd. |
| Date of publication, distribution, etc |
2018 |
| 300 ## - PHYSICAL DESCRIPTION |
| Extent |
ii, 431+174 pgs. |
| 650 ## - SUBJECT ADDED ENTRY--TOPICAL TERM |
| Topical term or geographic name as entry element |
Liquids : Surface tension, Viscosity |
| 650 ## - SUBJECT ADDED ENTRY--TOPICAL TERM |
| Topical term or geographic name as entry element |
Thermochemistry : Heats of reaction, Kirchoff's Equation |
| 650 ## - SUBJECT ADDED ENTRY--TOPICAL TERM |
| Topical term or geographic name as entry element |
Chemical Kinetics |
| 650 ## - SUBJECT ADDED ENTRY--TOPICAL TERM |
| Topical term or geographic name as entry element |
Electrolytic Conduction : Transport Number, Conductance , Debye-Huckel-Onsagar Equation Ion-atmosphere |
| 942 ## - ADDED ENTRY ELEMENTS (KOHA) |
| Item type |
Books |